000
00319nam a22001337a 4500
008
181017b xxu||||| |||| 00| 0 eng d
020
_a
2801451188518
041
_a
eng
080
_2
34th
_a
610
100
_a
4
101
_a
SHM
245
_a
The Washington Manual of Medical Therapeutics
_c
Godara,H
942
_2
udc
_c
BK
999
_c
49979
_d
49979